| 000 | 00952nam a2200277 i 4500 | ||
|---|---|---|---|
| 001 | bg | ||
| 003 | KOSZ 005 | ||
| 005 | 20200630132824.0 | ||
| 008 | 080307s1967 pl a f 001 0 pol | ||
| 015 | _aPB 1967/8553 | ||
| 040 |
_aWA N _cKOSZ 005/RW _dKOSZ 005/RW |
||
| 041 | 1 |
_apol _heng |
|
| 080 | _a530.145 | ||
| 100 | 1 | _aMatthews, Paul Taunton. | |
| 245 | 1 | 0 |
_aWstęp do mechaniki kwantowej / _cP. T. Matthews ; [z ang. tł. Andrzej Żardecki]. |
| 246 | 1 |
_iTyt. oryg.: _aIntroduction to quantum mechanics. |
|
| 260 |
_aWarszawa : _bPaństwowe Wydawnictwo Naukowe, _c1967. |
||
| 300 |
_a226, [1] s. : _bil. ; _c18 cm. |
||
| 380 | _aKsiążki | ||
| 504 | _aIndeks. | ||
| 650 | 4 | _aMechanika kwantowa | |
| 700 | 1 |
_aŻardecki, Andrzej. _eTł. |
|
| 710 | 2 |
_aPaństwowe Wydawnictwo Naukowe _4pbl. |
|
| 856 |
_uhttp://koha.tu.koszalin.pl/cgi-bin/koha/opac-detail.pl?biblionumber=11520 _yKatalog online BPK |
||
| 942 |
_2UKD _cKS |
||
| 999 |
_c11520 _d11520 |
||